[Event "Hospitalet de Llobregat Ponce 11th"]
[Site "Hospitalet de Llobregat"]
[Date "2022.05.07"]
[Round "3"]
[White "Fernandez Madrid, Carlos"]
[Black "Broadbent Brun, Jensen"]
[Result "1/2-1/2"]
[WhiteElo "2117"]
[BlackElo "1785"]
[PlyCount "128"]
[EventDate "2022.04.23"]
[EventType "swiss"]
[EventRounds "9"]
[EventCountry "ESP"]
[SourceTitle "EXT 2023"]
[Source "ChessBase"]
[SourceDate "2022.10.05"]
[SourceVersion "1"]
[SourceVersionDate "2022.10.05"]
[SourceQuality "1"]

1. d4 d5 2. c4 c6 3. Nf3 Nf6 4. g3 Bg4 5. Bg2 e6 6. 0-0 Bd6 7. Nbd2 Nbd7 8. b3 h6 9. Bb2 0-0 10. Re1 c5 11. cxd5 exd5 12. Qc2 Rc8 13. Rac1 Qb6 14. Qb1 cxd4 15. Bxd4 Bc5 16. Qb2 Ne4 17. Rxc5 Ndxc5 18. Nxe4 dxe4 19. Nd2 Qg6 20. b4 Na4 21. Qa3 Qd6 22. e3 Rc2 23. Nxe4 Qd7 24. Bxa7 Nc3 25. Nxc3 Qd2 26. Rf1 Rxc3 27. Qa5 Rc1 28. h3 Rxf1+ 29. Bxf1 Bf3 30. Bd4 Qc2 31. Qe5 Qg6 32. Bg2 Bxg2 33. Kxg2 Qc6+ 34. Kh2 f6 35. Qf5 Ra8 36. b5 Qc4 37. Qg6 Rxa2 38. Qe8+ Kh7 39. Qe4+ Kh8 40. Qe8+ Qg8 41. Qxg8+ Kxg8 42. Kg2 Kf7 43. g4 g6 44. Kg3 Ke6 45. b6 Ra4 46. Kf3 Rc4 47. h4 Ra4 48. Kg3 f5 49. gxf5+ Kxf5 50. Bc5 h5 51. Bd4 Rb4 52. Kf3 Rb1 53. e4+ Ke6 54. Kg3 Rb3+ 55. f3 Rb1 56. Bf2 Rb3 57. Bc5 Rc3 58. Bf2 Kd7 59. Bd4 Rc4 60. Be3 Rb4 61. Kf2 Kc6 62. Ke2 Rb1 63. Kf2 Rb5 64. f4 Kd7 1/2-1/2

[Event "Catalunya-ch U10/20"]
[Site "Salou"]
[Date "2020.09.05"]
[Round "1"]
[White "Broadbent Brun, Jensen"]
[Black "Bernado Lopez, Roger"]
[Result "0-1"]
[WhiteElo "1550"]
[BlackElo "2155"]
[PlyCount "37"]
[EventDate "2020.09.05"]
[EventType "swiss"]
[EventRounds "8"]
[EventCountry "ESP"]
[SourceTitle "EXT 2023"]
[Source "ChessBase"]
[SourceDate "2022.10.05"]
[SourceVersion "1"]
[SourceVersionDate "2022.10.05"]
[SourceQuality "1"]

1. d4 Nf6 2. c4 e6 3. Nc3 Bb4 4. Bg5 c5 5. a3 Bxc3+ 6. bxc3 Qa5 7. Bd2 0-0 8. Nf3 Nc6 9. d5 Ne7 10. Qc2 d6 11. e4 e5 12. Bg5 Ng6 13. Bd3 Nxe4 14. Bxe4 f5 15. 0-0 fxe4 16. Qxe4 Bf5 17. Qe3 h6 18. Bh4 e4 19. Bg3 0-1